000 01831cam a2200385 a 4500
001 16267204
003 OSt
005 20170105102902.0
008 100604s2011 enka b 001 0 eng
010 _a 2010022487
020 _a9780415598224
020 _a0415598222
020 _a9780203836712 (ebook)
020 _a0203836715 (ebook)
035 _a(OCoLC)ocn617637721
040 _aDLC
_cDLC
_dYDX
_dBTCTA
_dYDXCP
_dYHM
_dBWX
_dCDX
_dDLC
050 0 0 _aHD9000.6
_b.R83 2011
082 0 0 _a363.8
_222
_bRUB 2011
100 1 _aRubin, Olivier.
245 1 0 _aDemocracy and famine /
_cOlivier Rubin.
260 _aMilton Park, Abingdon, Oxon ;
_aNew York :
_bRoutledge,
_c2011.
300 _axiv, 204 p. :
_bill. ;
_c24 cm.
490 1 _aRoutledge research in comparative politics ;
_v37
504 _aIncludes bibliographical references (p. [182]-195) and index.
505 0 _aPresentation of Sen's theory of democracy and famine -- Conceptualization and operationalization of democracy -- Discussion of Sen's understanding of democracy -- Famines in Bangladesh, Sudan and India -- Malawi famine of 2002 -- The Niger famine of 2005 -- Democracy and famine : quantitative evidence -- Multiple starvation deaths in India -- Discussion of other macro-level causal approaches -- Counter-productive democratic mechanisms.
650 0 _aFood supply
_xPolitical aspects.
650 0 _aFamines
_xPrevention.
650 0 _aFamines
_xPrevention
_vCase studies.
650 0 _aDemocracy.
830 0 _aRoutledge research in comparative politics ;
_v37.
856 4 2 _3Contributor biographical information
_uhttp://www.loc.gov/catdir/enhancements/fy1114/2010022487-b.html
906 _a7
_bcbc
_corignew
_d1
_eecip
_f20
_gy-gencatlg
942 _2ddc
_cBK
999 _c14684
_d14684